=LDR 00000nam 2200000 4500 =001 INLIS000000000029379 =005 20130612131622 =008 ***********************************ind** =035 ##$$0010-061300000029379 =041 ##$$a ind =082 ##$$a 028.5 =090 ##$$a 028.5, RUH s =100 ##$$a Ruhyana, Rahmat =245 ##$$a Sangaji menengok desa bunga, Rahmat Ruhyana =260 ##$$a 1995 $b [sl] =300 ##$$a vi, 142 hlm., ilus., 21 cm =650 ##$$a Fiksi anak =850 ##$$a NBPNMAT